000 00551nam a2200217 i 4500
001 C2-0298798
003 PPAK
005 20180729000825.0
008 090609s2008 my |||| ||||| | eng d
040 _aPPAK
_beng
_cPPAK
_erda
245 1 0 _aCJ7
264 1 _aKuala Lumpur :
_bMediamax. Com ,
_c2008
336 _2rdacontent
_atext
337 _2rdamedia
_aunmediated
338 _2rdacarrier
_avolume
500 _aVCD 3172/09
700 _eauthor
700 1 _aChow, Stephen,
_ecompile
700 1 _aLam, Angie,
_eeditor
942 _2ddc
_cVCD
999 _c165729
_d165729